Lieux dans les mangas / animés - Statistiques

Statistiques générales
  • Ce quiz a été pris 175 fois
  • Le résultat moyen est 14 sur 30
Statistiques - réponses
Hint Réponse % Correct
Alabasta One piece
93%
Namek Dragon ball
87%
Village de Suna Naruto
85%
UA High School My Hero Academia
83%
Salle de classe 3-E Assassination Classroom
71%
District de Trost Shingeki yo kyojin
71%
Thriller Bark One Piece
70%
L'île de la baleine Hunter X Hunter
69%
La forteresse infinie Demon Slayer
66%
Yorkshin City Hunter X Hunter
65%
QG de l'association des héros One Punch Man
62%
Lycée Seirin Kuroko no Basket
57%
Gymnase de Karasuno Haikyu!!
53%
Le Wako Mundo Bleach
52%
île de Jeju Solo Leveling
50%
La vallée de la fin Naruto
43%
Magnolia Fairy Tail
41%
L'Aincrad Sword Art Online
35%
Royaume de Spade Black Clover
33%
Night City Cyberpunk Edgerunners
29%
L'Antique Tokyo Ghoul
26%
Karakura Bleach
25%
Amestris Full Metal Alchemist
24%
Grace Field House The Promised Neverland
24%
Monts Paozu Dragon ball
22%
La zone 11 (états-unis du Japon) Code Geass
20%
Nazarick OverLord
17%
KinderHeim 511 Monster
11%
le Sanctuaire Saint Seiya
11%
Falconia Berserk
10%
Aucun quiz correspondant
Distribution des résultats
% des personnes avec chaque résultat
Percentile par nombre de réponses
Votre historique - résultats
Vous n’avez pas pris ce quiz